[Event "Villa Martelli Proyeccion op 1st"]
[Site "Villa Martelli"]
[Date "2007.05.03"]
[Round "4"]
[White "Konig, Cesar"]
[Black "Alvarez, Roberto Gabriel"]
[Result "0-1"]
[WhiteElo "2090"]
[BlackElo "2090"]
[PlyCount "72"]
[EventDate "2007.04.19"]
[EventType "swiss"]
[EventRounds "7"]
[EventCountry "ARG"]
[SourceTitle "EXT 2019"]
[Source "ChessBase"]
[SourceDate "2018.10.10"]
[SourceVersion "1"]
[SourceVersionDate "2018.10.10"]
[SourceQuality "1"]

1. e4 Nf6 2. e5 Nd5 3. d4 d6 4. Nf3 dxe5 5. dxe5 Nc6 6. Be2 g6 7. 0-0 Bg7 8. c4 Ndb4 9. Qb3 0-0 10. Rd1 Qe8 11. a3 Na6 12. Bf4 Nc5 13. Qe3 Ne6 14. Bh6 b6 15. Nc3 Bb7 16. Bxg7 Kxg7 17. Nd5 Ncd8 18. b4 c6 19. Nf4 Nxf4 20. Qxf4 c5 21. Qg3 Ne6 22. b5 Rd8 23. Qh4 h6 24. Qg3 Rxd1+ 25. Rxd1 Qc8 26. Kf1 Rd8 27. Bd3 Bxf3 28. Qxf3 Nd4 29. Qe4 Ne6 30. g3 Rd4 31. Qe3 Ng5 32. f3 Qh3+ 33. Kg1 Qd7 34. Rd2 Rxc4 35. h4 Rc1+ 36. Bf1 Qxd2 0-1

[Event "Villa Ballester Fanoba-ch"]
[Site "Villa Ballester"]
[Date "2000.??.??"]
[Round "5"]
[White "Konig, Cesar"]
[Black "Conlazo, Eusebio"]
[Result "0-1"]
[WhiteElo "2116"]
[BlackElo "2084"]
[PlyCount "148"]
[EventDate "2000.07.15"]
[EventType "tourn"]
[EventRounds "6"]
[EventCountry "ARG"]
[SourceTitle "EXT 2001"]
[Source "ChessBase"]
[SourceDate "2000.11.22"]
[SourceVersion "1"]
[SourceVersionDate "2000.11.22"]
[SourceQuality "1"]

1. e4 e6 2. d4 d5 3. Nd2 Nf6 4. e5 Ng8 5. Bd3 c5 6. c3 Nc6 7. Ne2 Bd7 8. 0-0 Rc8 9. Nf3 Qc7 10. Bf4 cxd4 11. cxd4 Nb4 12. Rc1 Qb6 13. Rxc8+ Bxc8 14. Bb1 Ne7 15. Qb3 Nec6 16. a3 Na5 17. Qc3 Nbc6 18. b4 Nc4 19. Bd3 a5 20. Bxc4 axb4 21. axb4 dxc4 22. Rb1 Bxb4 23. Qxc4 Qa5 24. Ng5 Be7 25. Qc2 h6 26. Ne4 Qd5 27. Be3 Qd8 28. Nc5 Qa5 29. Bd2 Qa7 30. Nb3 Qa6 31. Be1 0-0 32. Ra1 Qb6 33. Qd3 Nb4 34. Bxb4 Qxb4 35. Rb1 Qa4 36. Ra1 Qd7 37. Rc1 Rd8 38. Qc4 Qe8 39. Nc5 Qc6 40. Nb3 Bd7 41. Qxc6 Bxc6 42. f3 Bg5 43. f4 Be7 44. g3 g5 45. Kf2 gxf4 46. gxf4 Kh7 47. Na5 Bh4+ 48. Ke3 Bd5 49. Rc7 Ra8 50. Nc4 Kg6 51. Nc3 Bc6 52. Nb6 Ra3 53. Kd2 Bd8 54. Rxc6 bxc6 55. Nc4 Ra1 56. Nd1 Ra2+ 57. Ndb2 Be7 58. Kc3 Ra1 59. Nb6 Rh1 60. Nc8 Bd8 61. Nd3 Rxh2 62. Kc4 h5 63. Na7 h4 64. Nxc6 Rc2+ 65. Kb5 Bc7 66. Ne1 Rb2+ 67. Kc4 h3 68. Ne7+ Kh5 69. Nf3 Kg4 70. d5 Kxf3 71. d6 Ba5 72. Nc6 Rc2+ 73. Kb5 Rxc6 74. Kxc6 h2 0-1

[Event "Villa Ballester Fanoba-ch"]
[Site "Villa Ballester"]
[Date "2000.??.??"]
[Round "2"]
[White "Rebottaro, Hector Javier"]
[Black "Konig, Cesar"]
[Result "1-0"]
[WhiteElo "2295"]
[BlackElo "2116"]
[PlyCount "71"]
[EventDate "2000.07.15"]
[EventType "tourn"]
[EventRounds "6"]
[EventCountry "ARG"]
[SourceTitle "EXT 2001"]
[Source "ChessBase"]
[SourceDate "2000.11.22"]
[SourceVersion "1"]
[SourceVersionDate "2000.11.22"]
[SourceQuality "1"]

1. e4 e5 2. Nf3 Nf6 3. Nxe5 d6 4. Nc4 Nxe4 5. Nc3 Nxc3 6. dxc3 Be7 7. Ne3 0-0 8. f4 Nd7 9. Qf3 Nf6 10. Bd2 d5 11. 0-0-0 c6 12. Bd3 Bc5 13. h3 Re8 14. Ng4 Ne4 15. Be1 f5 16. Ne5 Bd6 17. c4 Qc7 18. cxd5 cxd5 19. Bb5 Rf8 20. Rxd5 Be6 21. Rd1 Bxe5 22. fxe5 Qxe5 23. Bd3 a5 24. a3 Rfd8 25. g4 Ng5 26. Qf1 fxg4 27. hxg4 h6 28. Bc3 Qc5 29. Qe2 Bf7 30. Rhf1 Re8 31. Qh2 Ne4 32. Bxe4 Rxe4 33. Rd7 Re7 34. Rxe7 Qxe7 35. Qf4 Rf8 36. Bxa5 1-0

[Event "Najdorf Memorial op"]
[Site "Buenos Aires"]
[Date "1999.??.??"]
[Round "7"]
[White "Casafus, Ruben Andres"]
[Black "Konig, Cesar"]
[Result "1-0"]
[WhiteElo "2364"]
[BlackElo "2145"]
[PlyCount "39"]
[EventDate "1999.09.21"]
[EventType "swiss"]
[EventRounds "9"]
[EventCountry "ARG"]
[SourceTitle "EXT 2001"]
[Source "ChessBase"]
[SourceDate "2000.11.22"]
[SourceVersion "1"]
[SourceVersionDate "2000.11.22"]
[SourceQuality "1"]

1. d4 Nc6 2. Nf3 d5 3. Bg5 Bg4 4. Nbd2 h6 5. Bh4 g5 6. Bg3 Bg7 7. c3 e6 8. h4 Bxf3 9. exf3 Nge7 10. hxg5 hxg5 11. Rxh8+ Bxh8 12. f4 Ng6 13. fxg5 Qxg5 14. Bxc7 Kd7 15. Nf3 Qg4 16. Bg3 Qe4+ 17. Kd2 b6 18. Bb5 Rc8 19. Qa4 Nf4 20. Re1 1-0